| 000 | 00664nam a2200133Ia 4500 | ||
|---|---|---|---|
| 008 | 100328s9999 xx 000 0 und d | ||
| 082 | _b65829 | ||
| 100 | _aतरवडे विजय. | ||
| 245 | _aमहाराष्ट्राचे मुख्यमंत्री-मारोतराव कन्नडवार. | ||
| 260 | _bअविष्कार. | ||
| 630 | _aमहाराष्ट्राचे मुख्यमंत्री-मारोतराव कन्नडवार. | ||
| 730 | _aमहाराष्ट्राचे मुख्यमंत्री-मारोतराव कन्नडवार. | ||
| 942 | _cBOOK | ||
| 999 |
_c551574 _d551571 |
||